[Event "GRE-chT 46th"]
[Site "Rio Achaia"]
[Date "2018.07.10"]
[Round "1.7"]
[White "Kalofonos, Panayotis"]
[Black "Kadianis, Georgios"]
[Result "1-0"]
[WhiteElo "1896"]
[BlackElo "2002"]
[PlyCount "93"]
[EventDate "2018.07.10"]
[EventType "team"]
[EventRounds "7"]
[EventCountry "GRE"]
[SourceTitle "CBM 185 Extra"]
[Source "ChessBase"]
[SourceDate "2018.07.29"]
[SourceVersion "1"]
[SourceVersionDate "2018.07.29"]
[SourceQuality "1"]
[WhiteTeam "You Go You"]
[BlackTeam "OFI"]
[WhiteTeamCountry "GRE"]
[BlackTeamCountry "GRE"]

1. e4 e5 2. Nf3 Nc6 3. Nc3 Nf6 4. Bb5 Bd6 5. a3 0-0 6. d3 Nd4 7. Bc4 c6 8. Be3 Ne6 9. d4 Ng4 10. Nxe5 Nxe3 11. fxe3 Bxe5 12. dxe5 Qh4+ 13. g3 Qg5 14. Qe2 Qxe5 15. Rf1 b5 16. Rf5 Qc7 17. Bxe6 dxe6 18. Rc5 a5 19. Qxb5 Qa7 20. Qxc6 Rb8 21. 0-0-0 Bb7 22. Qb5 Bxe4 23. Qxa5 Qb7 24. Rb5 Qa8 25. Nxe4 Rxb5 26. Nf6+ gxf6 27. Qxb5 Qg2 28. Qf1 Qxh2 29. Rd2 Qh6 30. Qf4 Qg6 31. e4 e5 32. Qf3 Kg7 33. c4 Rc8 34. b3 Qg5 35. Qf5 Qxf5 36. exf5 Kh6 37. a4 Kg5 38. a5 Kxf5 39. a6 e4 40. a7 e3 41. Ra2 Ra8 42. b4 Ke4 43. b5 Kd3 44. b6 e2 45. Ra3+ Kxc4 46. Kd2 Re8 47. Ke1 1-0

[Event "GRE-ch U18"]
[Site "Achaia"]
[Date "2017.06.29"]
[Round "4"]
[White "Kalofonos, Panayotis"]
[Black "Alexiadis, Hristos"]
[Result "1/2-1/2"]
[WhiteElo "1912"]
[BlackElo "2264"]
[PlyCount "86"]
[EventDate "2017.06.26"]
[EventType "swiss"]
[EventRounds "7"]
[EventCountry "GRE"]
[SourceTitle "CBM 179 Extra"]
[Source "ChessBase"]
[SourceDate "2017.08.23"]
[SourceVersion "1"]
[SourceVersionDate "2017.08.23"]
[SourceQuality "1"]

1. e4 c5 2. Nf3 d6 3. d4 Nf6 4. Nc3 cxd4 5. Nxd4 a6 6. Bg5 Nbd7 7. Bc4 Qb6 8. 0-0 Qc5 9. Bd5 g6 10. Qd2 Bg7 11. Be3 Qc7 12. Rfe1 Ng4 13. Bg5 h6 14. Bh4 g5 15. Bg3 Nb6 16. Bb3 Ne5 17. Nd5 Nxd5 18. exd5 Bf6 19. c3 h5 20. Bxe5 dxe5 21. Nf3 Bf5 22. Nxg5 Qd6 23. Ne4 Bxe4 24. Rxe4 h4 25. c4 Rc8 26. Ba4+ Kf8 27. b4 b6 28. Bb3 Bg7 29. a3 f5 30. Qg5 Qf6 31. Qxf6+ Bxf6 32. Re2 Rg8 33. Rd1 Rg4 34. h3 Rf4 35. Rc2 Rd4 36. Rxd4 exd4 37. Kf1 Ke8 38. Ke2 Kd7 39. Kd3 a5 40. Re2 axb4 41. axb4 Ra8 42. Ra2 Rxa2 43. Bxa2 Kd6 1/2-1/2

[Event "GRE-ch U16"]
[Site "Rio Achaia"]
[Date "2015.07.01"]
[Round "8.5"]
[White "Kalofonos, Panayotis"]
[Black "Fidrilakis, Stavros"]
[Result "1-0"]
[WhiteElo "2136"]
[BlackElo "1955"]
[PlyCount "75"]
[EventDate "2015.06.26"]
[EventType "swiss"]
[EventRounds "9"]
[EventCountry "GRE"]
[SourceTitle "EXT 2024"]
[Source "ChessBase"]
[SourceDate "2023.10.10"]
[SourceVersion "1"]
[SourceVersionDate "2023.10.10"]
[SourceQuality "1"]

1. e4 c5 2. Nf3 Nc6 3. d4 cxd4 4. Nxd4 Nf6 5. Nc3 d6 6. Bg5 e6 7. Qd2 a6 8. 0-0-0 Bd7 9. f4 b5 10. Bxf6 gxf6 11. Kb1 Qb6 12. Nxc6 Bxc6 13. f5 Qc5 14. Bd3 b4 15. Ne2 e5 16. c3 a5 17. cxb4 axb4 18. Rc1 Qb6 19. Qc2 Rc8 20. Bc4 Be7 21. Ng3 h5 22. Rhe1 h4 23. Nf1 Kf8 24. Qd3 Ra8 25. Ne3 Rg8 26. Rc2 Ra5 27. b3 Rc5 28. Nd5 Bxd5 29. exd5 Rc7 30. Rd2 Rg5 31. Qh3 Ke8 32. Kb2 Bd8 33. Re4 Ra7 34. Rxh4 Qg1 35. Re4 Bb6 36. Bb5+ Kf8 37. Qh8+ Ke7 38. Qe8# 1-0

[Event "GRE-ch U16"]
[Site "Rio Achaia"]
[Date "2015.06.30"]
[Round "7.5"]
[White "Karakatsanis, Nikolaos"]
[Black "Kalofonos, Panayotis"]
[Result "1/2-1/2"]
[WhiteElo "1925"]
[BlackElo "2136"]
[PlyCount "46"]
[EventDate "2015.06.26"]
[EventType "swiss"]
[EventRounds "9"]
[EventCountry "GRE"]
[SourceTitle "EXT 2024"]
[Source "ChessBase"]
[SourceDate "2023.10.10"]
[SourceVersion "1"]
[SourceVersionDate "2023.10.10"]
[SourceQuality "1"]

1. e4 e5 2. Nf3 Nc6 3. Bc4 Bc5 4. c3 Nf6 5. d3 0-0 6. Bb3 d6 7. Nbd2 a6 8. 0-0 Ba7 9. h3 h6 10. Re1 Be6 11. Nf1 Re8 12. Ng3 d5 13. Qe2 dxe4 14. dxe4 Qe7 15. Nh4 Bxb3 16. axb3 Qe6 17. Nhf5 Ne7 18. Qf3 Nxf5 19. Nxf5 Kh7 20. Qg3 Nh5 21. Qf3 Nf6 22. Qg3 Nh5 23. Qf3 Nf6 1/2-1/2

[Event "GRE-ch U16"]
[Site "Rio Achaia"]
[Date "2015.06.29"]
[Round "6.7"]
[White "Kalofonos, Panayotis"]
[Black "Bozanis, Dimitrios"]
[Result "1-0"]
[WhiteElo "2136"]
[BlackElo "1673"]
[PlyCount "77"]
[EventDate "2015.06.26"]
[EventType "swiss"]
[EventRounds "9"]
[EventCountry "GRE"]
[SourceTitle "EXT 2024"]
[Source "ChessBase"]
[SourceDate "2023.10.10"]
[SourceVersion "1"]
[SourceVersionDate "2023.10.10"]
[SourceQuality "1"]

1. e4 d5 2. exd5 Qxd5 3. Nc3 Qa5 4. d4 e5 5. dxe5 Bb4 6. Bd2 Nc6 7. Bb5 Nge7 8. a3 Bxc3 9. Bxc6+ Nxc6 10. Bxc3 Qa4 11. Qe2 Nd4 12. Bxd4 Qxd4 13. c3 Qd5 14. Nf3 Bg4 15. Rd1 Qc6 16. 0-0 Bxf3 17. Qxf3 Qxf3 18. gxf3 Ke7 19. f4 g6 20. Kg2 Ke6 21. Kf3 Rad8 22. Ke4 Rhf8 23. c4 Rxd1 24. Rxd1 b6 25. b4 Rb8 26. Rd5 a5 27. b5 a4 28. Kd4 Rf8 29. c5 bxc5+ 30. Kxc5 f6 31. Kc6 Rf7 32. exf6 Rxf6 33. Re5+ Kf7+ 34. Kxc7 Rxf4 35. b6 Kg7 36. b7 Rf7+ 37. Kb6 Rf6+ 38. Ka7 Rf7 39. Ka8 1-0

[Event "Skopje Karposh op"]
[Site "Skopje"]
[Date "2015.03.29"]
[Round "4"]
[White "Kalofonos, Panayotis"]
[Black "Pecurica, Milos"]
[Result "1/2-1/2"]
[WhiteElo "1975"]
[BlackElo "2240"]
[PlyCount "53"]
[EventDate "2015.03.27"]
[EventType "swiss"]
[EventRounds "9"]
[EventCountry "MKD"]
[SourceTitle "CBM 165 Extra"]
[Source "ChessBase"]
[SourceDate "2015.04.21"]
[SourceVersion "1"]
[SourceVersionDate "2015.04.21"]
[SourceQuality "1"]

1. e4 c5 2. Nf3 d6 3. Bb5+ Bd7 4. c4 Nc6 5. d4 cxd4 6. Nxd4 Nf6 7. Nc3 g6 8. 0-0 Nxd4 9. Bxd7+ Qxd7 10. Qxd4 Bg7 11. b3 0-0 12. Bb2 Rfc8 13. Rad1 Qd8 14. Nd5 Qf8 15. Rd2 Nxd5 16. Qxd5 Bxb2 17. Rxb2 Rab8 18. Qd3 a6 19. Rc2 Rc6 20. Rfc1 Qh6 21. Qd2 Qxd2 22. Rxd2 b5 23. Rdc2 Rbc8 24. f3 bxc4 25. Kf2 f5 26. Ke3 Kf7 27. Rxc4 1/2-1/2

[Event "Skopje Karposh op"]
[Site "Skopje"]
[Date "2015.03.28"]
[Round "2"]
[White "Kalofonos, Panayotis"]
[Black "Annaberdiev, Meilis"]
[Result "1-0"]
[WhiteElo "1975"]
[BlackElo "2446"]
[PlyCount "29"]
[EventDate "2015.03.27"]
[EventType "swiss"]
[EventRounds "9"]
[EventCountry "MKD"]
[SourceTitle "CBM 165 Extra"]
[Source "ChessBase"]
[SourceDate "2015.04.21"]
[SourceVersion "1"]
[SourceVersionDate "2015.04.21"]
[SourceQuality "1"]

1. e4 c6 2. Nc3 d5 3. Nf3 Bg4 4. h3 Bxf3 5. Qxf3 e6 6. d3 Nd7 7. a3 Ngf6 8. g3 Bd6 9. Bg2 Qc7 10. 0-0 0-0-0 11. b4 Be5 12. Bb2 dxe4 13. dxe4 Nb6 14. Qe2 g5 15. b5 1-0

[Event "Peristeri op"]
[Site "Peristeri"]
[Date "2015.01.03"]
[Round "2"]
[White "Karagiannis, Athanasios"]
[Black "Kalofonos, Panayotis"]
[Result "1/2-1/2"]
[WhiteElo "2202"]
[BlackElo "1943"]
[PlyCount "27"]
[EventDate "2015.01.02"]
[EventType "swiss"]
[EventRounds "7"]
[EventCountry "GRE"]
[SourceTitle "EXT 2016"]
[Source "ChessBase"]
[SourceDate "2015.10.08"]
[SourceVersion "1"]
[SourceVersionDate "2015.10.08"]
[SourceQuality "1"]

1. b3 d5 2. Bb2 c6 3. e3 Nf6 4. f4 g6 5. Nf3 Bg7 6. Be2 0-0 7. 0-0 Ne4 8. Bxg7 Kxg7 9. Qe1 Bg4 10. d3 Nd6 11. Ne5 Bxe2 12. Qxe2 Nd7 13. Nxd7 Qxd7 14. Nd2 1/2-1/2

[Event "GRE-ch U16"]
[Site "Greece"]
[Date "2014.07.05"]
[Round "2"]
[White "Kalofonos, Panayotis"]
[Black "Papadopoulos, Georgios Nikea"]
[Result "0-1"]
[WhiteElo "1859"]
[BlackElo "2051"]
[PlyCount "110"]
[EventDate "2014.07.04"]
[EventType "swiss"]
[EventRounds "9"]
[EventCountry "GRE"]
[SourceTitle "EXT 2017"]
[Source "ChessBase"]
[SourceDate "2016.10.25"]
[SourceVersion "1"]
[SourceVersionDate "2016.10.25"]
[SourceQuality "1"]

1. e4 c5 2. Nf3 d6 3. Bb5+ Nd7 4. 0-0 Ngf6 5. Re1 a6 6. Bd3 b5 7. c4 b4 8. Bc2 g6 9. a3 bxa3 10. Rxa3 Bg7 11. Nc3 0-0 12. d4 cxd4 13. Nxd4 Qc7 14. b3 Ne5 15. f3 Qa7 16. Be3 Nxe4 17. fxe4 Ng4 18. Ndb5 Nxe3 19. Nxa7 Nxd1 20. Nxc8 Nxc3 21. Nxe7+ Kh8 22. Nd5 Nxd5 23. exd5 Bd4+ 24. Kf1 a5 25. g3 Bc3 26. Re3 Bb4 27. Ra1 Rae8 28. Rxe8 Rxe8 29. Rd1 Kg7 30. Bd3 h5 31. Be2 Re3 32. Rd3 Rxd3 33. Bxd3 Kf6 34. Kf2 Ke5 35. Kf3 Kd4 36. Bc2 Kc3 37. Bd1 Kd2 38. Be2 Kc2 39. Ke3 Kxb3 40. Kd3 Bc5 41. Bd1+ Kb4 42. Bc2 a4 43. Bb1 Bg1 44. h3 Bh2 45. g4 hxg4 46. hxg4 f5 47. gxf5 gxf5 48. Kd2 f4 49. Kd3 a3 50. Ba2 f3 51. Ke3 Kc3 52. c5 dxc5 53. Kxf3 Kb2 54. Bc4 a2 55. Bxa2 Kxa2 0-1

[Event "GRE-ch U16"]
[Site "Greece"]
[Date "2014.07.04"]
[Round "1"]
[White "Kakoulidis, Vasilios"]
[Black "Kalofonos, Panayotis"]
[Result "0-1"]
[WhiteElo "1372"]
[BlackElo "1859"]
[PlyCount "46"]
[EventDate "2014.07.04"]
[EventType "swiss"]
[EventRounds "9"]
[EventCountry "GRE"]
[SourceTitle "EXT 2017"]
[Source "ChessBase"]
[SourceDate "2016.10.25"]
[SourceVersion "1"]
[SourceVersionDate "2016.10.25"]
[SourceQuality "1"]

1. e4 c5 2. Nf3 d6 3. d4 cxd4 4. Nxd4 Nf6 5. Nc3 a6 6. f4 e5 7. Nb3 Nc6 8. fxe5 Nxe5 9. Bf4 Qc7 10. Bxe5 dxe5 11. a3 Bg4 12. Nd5 Nxd5 13. Qxd5 Be6 14. Qd2 Rd8 15. Qc3 Qxc3+ 16. bxc3 Rc8 17. Kd2 Be7 18. Nc1 Bg5+ 19. Kd1 Rxc3 20. h3 0-0 21. a4 Rfc8 22. Bd3 Bxc1 23. Kxc1 Rxd3 0-1

[Event "Attica-ch U16"]
[Site "Athens"]
[Date "2014.04.14"]
[Round "5.2"]
[White "Kalofonos, Panayotis"]
[Black "Laspas, Panagiotis"]
[Result "1-0"]
[WhiteElo "1854"]
[BlackElo "1758"]
[PlyCount "59"]
[EventDate "2014.04.11"]
[EventType "swiss"]
[EventRounds "7"]
[EventCountry "GRE"]
[SourceTitle "EXT 2024"]
[Source "ChessBase"]
[SourceDate "2023.10.10"]
[SourceVersion "1"]
[SourceVersionDate "2023.10.10"]
[SourceQuality "1"]

1. e4 c5 2. Nf3 e6 3. Nc3 Nc6 4. d4 cxd4 5. Nxd4 Qc7 6. Be3 a6 7. Qf3 Nf6 8. 0-0-0 Bb4 9. Nxc6 bxc6 10. Bd4 Be7 11. e5 Nd5 12. Ne4 0-0 13. b3 Ba3+ 14. Kb1 c5 15. Ba1 Bb7 16. Bd3 a5 17. Qh3 h6 18. Nf6+ Kh8 19. Ng4 Nf4 20. Qg3 Nxd3 21. Rxd3 c4 22. Rc3 Bd5 23. Nxh6 Bb4 24. Qh4 Bxc3 25. Ng4+ Kg8 26. Nf6+ gxf6 27. Qg4+ Kh7 28. exf6 Kh6 29. Bxc3 Rg8 30. Bd2+ 1-0

[Event "GRE-ch U18"]
[Site "Thessaloniki"]
[Date "2014.01.03"]
[Round "3"]
[White "Serpetsidakis, Nikolaos"]
[Black "Kalofonos, Panayotis"]
[Result "0-1"]
[WhiteElo "1665"]
[BlackElo "1862"]
[PlyCount "46"]
[EventDate "2014.01.02"]
[EventType "swiss"]
[EventRounds "9"]
[EventCountry "GRE"]
[SourceTitle "EXT 2017"]
[Source "ChessBase"]
[SourceDate "2016.10.25"]
[SourceVersion "1"]
[SourceVersionDate "2016.10.25"]
[SourceQuality "1"]

1. d4 d5 2. c4 c6 3. Nc3 dxc4 4. e3 b5 5. a4 b4 6. Na2 e6 7. Bxc4 Nf6 8. Nf3 Qb6 9. 0-0 Be7 10. Bd2 a5 11. Nc1 Ba6 12. Bxa6 Nxa6 13. Qc2 c5 14. dxc5 Nxc5 15. Nb3 0-0 16. Nxc5 Bxc5 17. Rac1 Rac8 18. Qb3 Rc7 19. Ne5 Rfc8 20. Nc4 Qa6 21. Rc2 Bf8 22. Rfc1 Ne4 23. Qd3 Nxd2 0-1